Omkar Nirnaya/ (Record no. 32149)

000 -LEADER
fixed length control field 00358nam a22001451a 4500
082 ## - DEWEY DECIMAL CLASSIFICATION NUMBER
Classification number S 294.5
Item number SIV/O
100 ## - MAIN ENTRY--AUTHOR NAME
Personal name Sivasankar Sharma Kavyatheerth
245 ## - TITLE STATEMENT
Title Omkar Nirnaya/
Statement of responsibility, etc by Sivasankar Sharma Kavyatheerth
260 ## - PUBLICATION, DISTRIBUTION, ETC. (IMPRINT)
Place of publication New Delhi:
Name of publisher Samskar,
Year of publication 2000.
300 ## - PHYSICAL DESCRIPTION
Number of Pages 122p.
650 ## - SUBJECT ADDED ENTRY--TOPICAL TERM
Topical Term Omkaram
650 ## - SUBJECT ADDED ENTRY--TOPICAL TERM
Topical Term Hinduism
650 ## - SUBJECT ADDED ENTRY--TOPICAL TERM
Topical Term Religion
942 ## - ADDED ENTRY ELEMENTS (KOHA)
Koha item type Book
Holdings
Withdrawn status Lost status Damaged status Not for loan Permanent Location Current Location Date acquired Cost, normal purchase price Full call number Accession Number Cost, replacement price Price effective from Koha item type
        Sree Sankaracharya University of Sanskrit Sree Sankaracharya University of Sanskrit 08.01.2015 80.00 S 294.5 SIV/O 043263 0.00 08.01.2015 Book